| 000 | 00518nam a2200169 4500 | ||
|---|---|---|---|
| 001 | 126608 | ||
| 003 | ES-MaACL | ||
| 005 | 20230906192840.0 | ||
| 007 | t| | ||
| 008 | 070214s1950 sp r ||||1| spa d | ||
| 100 | 1 |
_aRequena, Fermín. _996291 |
|
| 245 | 1 | 0 |
_aPedro Espinosa, poeta antequerano _b: en el tercer centenario de su muerte / _cFermín Requena. |
| 260 |
_aAntequera : _b[s. n.], _c1950 ( _fImp. Infante) |
||
| 300 |
_a40 p. ; _c21 cm. |
||
| 600 | 1 | 4 |
_aEspinosa, Pedro. _947898 |
| 852 |
_aES-MaACL _j1935-F-9 |
||
| 999 |
_c126608 _d126608 |
||